Observations on the effects of the corn laws /

Bibliographic Details
Main Author: Malthus, T. R. (Thomas Robert), 1766-1834
Format: Book
Language:English
Published: Baltimore : The Johns Hopkins Press, 1932.
Series:A reprint of economic tracts
Subjects:

MARC

Tag First Indicator Second Indicator Subfields
LEADER 00000cam a2200000 4500
001 in00000068423
005 20151008052005.0
008 780425r19321814mdu 00010 eng
010 |a  33004420  
035 |a (OCoLC)03826152 
035 |9 AAH1099AM 
040 |a DLC  |c HDC  |d TXA  |d UtOrBLW 
049 |a TXAM  |c [169439] 
050 0 0 |a HF2044  |b .M25 1932 
082 0 |a 337.5 
092 |a 337.5  |b M261o 
100 1 |a Malthus, T. R.  |q (Thomas Robert),  |d 1766-1834. 
245 1 0 |a Observations on the effects of the corn laws /  |c by Thomas Robert Malthus, 1814. 
264 1 |a Baltimore :  |b The Johns Hopkins Press,  |c 1932. 
300 |a 37 pages ;  |c 25 cm. 
336 |a text  |b txt  |2 rdacontent 
337 |a unmediated  |b n  |2 rdamedia 
338 |a volume  |b nc  |2 rdacarrier 
490 0 |a A reprint of economic tracts 
500 |a With reproduction of original t.-p.: Observations on the effects of the corn laws, and of a rise or fall in the price of corn on the agriculture and general wealth of the country. By the Revised T. R. Malthus ... London, Printed for J. Johnson and Co., 1814. 
650 0 |a Corn laws (Great Britain) 
650 0 |a Grain trade  |z Great Britain. 
999 |a MARS 
999 f f |s a49985e7-7652-327f-9ab8-1e56b6151374  |i c37b0239-0b1c-3d74-96fc-170bbab84575  |t 0 
952 f f |p ric  |a Texas A&M University  |b Rellis Campus  |c Joint Library Facility  |d Remote Storage  |t 0  |e HF2044 .M25 1932  |h Library of Congress classification  |i unmediated -- volume  |m A14800753498 
998 f f |a HF2044 .M25 1932  |t 0  |l Remote Storage